000 01190nam0a22002651i 4500
001 rc\2164529
005 20240726072911.0
035 _a(NLR Aleph) 006641165
090 _a7643153
_c7643153
100 _a20110829d1978 |||y0rusy50 ca
101 0 _arus
102 _aRU
105 _ay d |||||
200 1 _aМежцентральные отношения в коре головного мозга человека в норме и при очаговом поражении диэнцефальных структур
_e(По данным мат. анализа ЭЭГ)
_eАвтореф. дис. на соиск. учен. степ. д-ра биол. наук
_e(03.00.13)
210 _aМосква
_d1978
215 _a34 с.
300 _aВ надзаг.: АН СССР, Ин-т высш. нерв. деятельности и нейрофизиологии
320 _aСписок работ авт.: с. 33-34 (27 назв.)
700 1 _aБолдырева
_bГ.Н.
_gГалина Николаевна
801 0 _aRU
_bNLR
_gpsbo
801 1 _aRU
_bELAR
_2rusmarc
852 _aNLR
_j79-6/874
899 _aRuMoRGB
_jДр 374/687
899 _aRuMoRGB
_jДр 374/688
942 _cBOOK